00639 a2200181 45000010006000000050017000060080041000230030015000640400040000790800119001192450086002382640030003243000025003540410008003791000021003877000018004087000031004266337220260407155931.0260407a1970 arg spa dAR-UNSa-BCEJYS aAR-UNSa-BCEJYSbspacAR-UNSa-BCEJYS a517.4xDeterminantes funcionales. Transformaciones integrales. Cálculo Operacional (Transformaciones de Laplace)10aTransformada de Laplace; solución de ecuaciones diferencialespTexto programado 1aMéxico :bTrillasc1970 axxvi, 197 p.c27 cm. aspa1 aStrum, Robert D.1 aWard, John R.1 aFlores López, Asdrúbal